| 000 | 01007nam a22002777a 4500 | ||
|---|---|---|---|
| 005 | 20100920142020.0 | ||
| 008 | 100920t xxu||||| |||| 00| 0 eng d | ||
| 010 | _aENG-101495 | ||
| 020 |
_a9788120341050 _c250.00 |
||
| 035 | _aEN-85028 | ||
| 037 | _bDBAD / PUB | ||
| 040 |
_adpl _bEnglish |
||
| 082 | _a511.5 | ||
| 100 |
_aSuresh Singh,G. _920775 |
||
| 245 |
_aGraph theory / _cby G.Suresh Singh |
||
| 260 |
_bPrentice Hall of India _c2010 _aNew Delhi |
||
| 270 |
_aM-97, Connaught Circus _e110001 |
||
| 300 |
_axv,280p. _c24cm (pbk) |
||
| 500 | _aIncludes biblipographical references and index | ||
| 650 | _920796 | ||
| 650 | _920797 | ||
| 700 | _920777 | ||
| 942 |
_adpl _cEN _2ddc _mSUR _h511.5 |
||
| 999 |
_c47025 _d47025 |
||